| 000 | 01635nam a2200409 c 4500 | ||
|---|---|---|---|
| 001 | 60375 | ||
| 003 | CO-BoRNBP | ||
| 005 | 20260202152856.0 | ||
| 007 | ta | ||
| 008 | 221222b2019 ck bdoer|||| 00| 0 spa d | ||
| 020 | _a9789587839234 | ||
| 040 |
_aCO-BoRNBP _bspa _erda _cCO-BoRNBP |
||
| 041 | 0 | _hspa | |
| 082 | 0 | 4 |
_a363.596914 _bN17c _222 |
| 100 | 1 | 0 |
_aNaranjo Botero, María Elvira _eaut _968475 |
| 245 | 0 | 0 |
_aColonos, comunistas, alarifes y fundadores en Colombia : _buna historia de la Central Nacional Provivienda (Cenaprov) : 1959-2016 / _cMaría Elvira Naranjo Botero ; prólogo de Jairo Estrada Álvarez. |
| 250 | _aPrimera edición | ||
| 264 | 1 |
_aBogotá, Colombia : _bUniversidad Nacional de Colombia, _c2019 |
|
| 300 |
_a596 páginas : _bilustraciones, gráficas, tablas, fotografías en blanco y negro |
||
| 336 |
_atexto _btxt _2rdacontent |
||
| 337 |
_asin mediación _bn _2rdamedia |
||
| 338 |
_avolumen _2rdacarrier _bnc |
||
| 490 |
_aPublicaciones de posgrados de derecho y ciencias _v4 |
||
| 504 | _aIncluye referencias bibliográficas | ||
| 521 | _aRecomendado para un público adulto | ||
| 545 | _aIncluye datos biográficos de la autora en la solapa | ||
| 610 | 0 |
_aUnión Patriótica (Colombia) _968476 |
|
| 650 | 1 | 7 |
_aAsentamientos urbanos _2lemb _968477 |
| 650 | 1 | 7 |
_aColonización de tierras _2lemb _968478 |
| 650 | 1 | 7 |
_aDesplazamiento forzado _2lemb _922731 |
| 650 | 1 | 7 |
_aInvestigación participativa _2lemb |
| 650 | 1 | 7 |
_aMovimientos sociales _2lemb |
| 650 | 1 | 7 |
_aPartidos Comunistas _2lemb _968479 |
| 650 | 1 | 7 |
_aUrbanización _2lemb |
| 700 | 1 | 0 |
_aEstrada Álvarez, Jairo _etrl _926499 |
| 942 |
_2ddc _cBK |
||
| 999 |
_c60375 _d60375 |
||